Ra quyết định quản trị
Nội dung trình bày những vấn đề và quyết định quản trị, các mô hình ra quyết định, các phương pháp ra quyết định, ...
Đã lưu trong:
| 主要作者: | |
|---|---|
| 其他作者: | , |
| 格式: | 图书 |
| 语言: | Vietnamese |
| 出版: |
H.
Đại học Quốc gia Hà Nội
2019
|
| 版: | Tái bản lần 4 |
| 主题: | |
| 标签: |
添加标签
没有标签, 成为第一个标记此记录!
|
| Thư viện lưu trữ: | Thư viện Trường Đại học Nam Cần Thơ |
|---|
| LEADER | 01126nam a22002297a 4500 | ||
|---|---|---|---|
| 001 | NCT_77453 | ||
| 008 | 200326b xxu||||| |||| 00| 0 vie d | ||
| 999 | |c 3771 |d 3771 | ||
| 020 | |a 9786049684555 |c 149000 | ||
| 082 | 0 | 4 | |2 23rd ed. |a 658.403 |b H103 |
| 100 | 1 | |a Hoàng Văn Hải |e Chủ biên | |
| 245 | 1 | 0 | |a Ra quyết định quản trị |c Hoàng Văn Hải (chủ biên) ; Nguyễn Viết Lộc, Nguyễn Ngọc Thắng |
| 250 | |a Tái bản lần 4 | ||
| 260 | |a H. |b Đại học Quốc gia Hà Nội |c 2019 | ||
| 300 | |a 212 tr. |b minh họa |c 24cm | ||
| 520 | 3 | |a Nội dung trình bày những vấn đề và quyết định quản trị, các mô hình ra quyết định, các phương pháp ra quyết định, ... | |
| 653 | |a Quản trị kinh doanh | ||
| 700 | 1 | |a Nguyễn Viết Lộc | |
| 700 | 1 | |a Nguyễn Ngọc Thắng | |
| 942 | |2 ddc |c BK | ||
| 952 | |0 0 |1 0 |2 ddc |4 0 |6 658_403000000000000_H103 |7 0 |9 19314 |a 000001 |b 000001 |d 2020-03-26 |o 658.403 H103 |p MD.17054 |r 2020-03-26 |v 149000.00 |w 2020-03-26 |y BK | ||
| 980 | |a Thư viện Trường Đại học Nam Cần Thơ | ||


